Pieniny - Dunajec Tri koruny

Zobrazenie: Pohľad na vrch Tri koruny v pozadí. Vpravo v popredí vidno les na doľava sa zvažujúcom kopci. Vľavo pod horami tečie rieka Dunajec. Vľavo za riekou je vidno budovy obce a polia a lúky za ňou na kopci

Podrobná bibliografia
Médium: Pohľadnica
Jazyk:slovenčina
Fyzický popis:1 pohľadnica čiernobiela 9 x 14 cm
Vydavateľské údaje: Martin Bratislava Osveta, n. p. PŠK-HSV 1958
Predmet:

MARC

LEADER 00000nkm a2200000 a 4500
001 vtls011838961
003 SK-MaSNL
005 20260512123119.0
007 kp bo
008 240131s1958 xo g kuslo
015 |a SNBG1958 
035 |a urn:nbn:sk:snk-km00dtnc 
035 |a urn:nbn:sk:snk-km3ludc 
035 |a 9BD83D33-F147-49B0-93E3-D7D87A972A33 
040 |a SNK  |b slo  |c SNK  |e AACR2 
041 0 |a slo 
043 |a e-xo---  |a e-pl--- 
044 |a xo  |c SK 
072 7 |a 908(437+438)  |x Štúdium oblastí a lokalít všeobecne  |2 konspekt 
080 |a 908(438)  |2 2011 
080 |a 908(437.6)  |2 2011 
080 |a (084.121)  |2 2011 
080 |a 556.53  |2 2011 
080 |a (282.243)  |2 2011 
080 |a 551.4.035(234.372)  |2 2011 
245 0 0 |a Pieniny - Dunajec  |h grafika  |b Tri koruny 
260 |a Martin  |b Osveta, n. p.  |a Bratislava  |b PŠK-HSV  |c 1958 
300 |a 1 pohľadnica  |b čiernobiela  |c 9 x 14 cm 
520 8 |a Zobrazenie: Pohľad na vrch Tri koruny v pozadí. Vpravo v popredí vidno les na doľava sa zvažujúcom kopci. Vľavo pod horami tečie rieka Dunajec. Vľavo za riekou je vidno budovy obce a polia a lúky za ňou na kopci 
650 0 7 |a rieky  |2 SNKPH  |9 29644 
651 7 |a Dunajec (Poľsko a Slovensko : rieka)  |2 SNKPHgeo  |9 31516 
651 7 |a Pieniny (Poľsko a Slovensko : pohorie)  |2 SNKPHgeo  |9 17492 
651 7 |a Tri Koruny (Pieniny, Poľsko : vrch)  |2 SNKPHgeo  |9 160521 
655 7 |a geografické pohľadnice  |2 SNKPH  |9 70522 
852 |a Slovenská národná knižnica 
958 |a GBN 
958 |a GC 
958 |a OND 
958 |a EUIPO 
999 |c 692078  |d 694008 
952 |a SNK  |b SNK  |y PREZ  |7 0  |p 17A1291550  |o snkSP 83817  |z Pohľdnica prešla poštou.  |0 0  |1 0  |4 0  |d 2019-02-04  |f 1  |l 0  |r 2026-02-23 20:30:46  |w 2026-02-23